000 00711cam a22002413a 4500
001 23631
003 PGUSA
005 20140828083514.0
008 071126s2007||||xxu|||||s|||||000 1 eng d
040 _aPGUSA
_beng
042 _adc
050 4 _aPS
100 1 _aMurfree, Mary Noailles,
_d1850-1922
245 1 4 _aThe Moonshiners At Hoho-Hebee Falls :
_b1895
_h[electronic resource] /
_cMary Noailles Murfree
260 _bProject Gutenberg,
_c2007
506 _aPublic domain in the USA.
516 _aElectronic text
653 _aFiction
700 1 _aFrost, A. B.
_q(Arthur Burdett),
_d1851-1928
830 0 _aProject Gutenberg
_v23631
856 4 0 _uhttp://www.gutenberg.org/ebooks/23631
942 _cEB
999 _c252886
_d252886